zpět

Detail výsledku týmu

Bridge Bar, Týn nad Vltavou

Datum a čas kvízu

29 Celkem bodů Celkový počet nahraných bodů na tomto kvízu bez doplňovacích otázek.
11. Pořadí na kvízu Konečné umístění týmu na tomto kvízu.

Zaznamenané odpovědi

# Otázka Odpověď Body Výsledky
1. Že vánoční punk není mrtvý, má... Bruntál 1
2. Spoluzakladatel radikálního ek... Extinction Rebellion 0
3. Křišťálovou lupu za online vid... Honza Mikulka, Janek Rubeš 0
4. Lety britského nízkonákladovéh... EasyJet 1
5. Jak se jmenuje vítěz letošního... Stefanos Tsitsipas 0
6. Toto téma minulý týden zvítězi... Vídeň, 1996 0
7. Nespočet hlášek má na svém kon... Thierry Henry 0
8. Televize Nova a sportovní přen... Václav Tittelbach, Pavel Poulíček 0
9. Autorem mnoha legendárních hlá... Nemecký/Německý 1
10. Tento finský komentář vítěznéh... 71 m (uznáváme tedy 68–74) 1